Statistics for Vittorio de Sica Movies

Click here to take the quiz!

General Stats

  • This quiz has been taken 11 times
  • The average score is 7 of 34

Answer Stats

HintAnswer% Correct
1948Bicycle Thieves
89%
1946Shoeshine
89%
1970The Garden of the Finzi-Continis
78%
1952Umberto D.
78%
1954The Gold of Naples
56%
1961Two Women
56%
1963Yesterday, Today and Tomorrow
56%
1951Miracle in Milan
44%
1944The Children Are Watching Us
44%
1962Boccaccio '70
33%
1964Marriage Italian-Style
33%
1974The Voyage
22%
1966After the Fox
11%
1953Terminal Station
11%
1970The Couples
11%
1973A Brief Vacation
0%
1942A Garibaldian in the Covent
0%
1966A New World
0%
1958Anna of Brooklyn
0%
1968A Place for Lovers
0%
1941Do You Like Women, Doctor Beware
0%
1948Heart and Soul
0%
1963Il Boom
0%
1953It Happened in the Park
0%
1940Maddalena, Zero for Conduct
0%
1940Rose scarlatte
0%
1970Sunflower
0%
1962The Condemned of Altona
0%
1945The Gate of Heaven
0%
1961The Last Judgment
0%
1956The Roof
0%
1967The Witches
0%
1972We'll Call Him Andrea
0%
1967Woman Times Seven
0%

Score Distribution

Percentile by Number Answered

Percent of People with Each Score

Your Score History

You have not taken this quiz